000
00331nam a22001457a 4500
003
SGT
020
_a
9788175343146
082
_a
347.05,MID
100
_a
MIDHA,J.R.
245
_a
KEY TO NEW PROVISIONS IN CIVIL PROCEDURE
260
_a
NEW DELHI
_b
UNIVERSAL
_c
2006
300
_a
92
650
_a
CIVIL PROCEDURE
942
_2
ddc
_c
BK
999
_c
11001
_d
11001